Erol Mütercimler (Record no. 10490)

MARC details
000 -BAŞLIK
Sabit Uzunlukta Kontrol Alanı 00791na a2200277 4500
001 - KONTROL NUMARASI
Denetim Alanı 23306
003 - KONTROL NUMARASI IDENTIFIER
Denetim Alanı MIRAKIL
005 - SON İŞLEM TARİHİ VE ZAMANI
Denetim Alanı 20181213155324.0
008 - SABİT-BOY VERİ ELEMANLARI - GENEL BİLGİLER
Sabit Uzunlukta Kontrol Alanı 180122b tu 000 0
020 ## - ULUSLARARASI STANDART KİTAP NUMARASI
Uluslararası Standart Kitap Numarası 9786056599699
040 ## - KATALOGLAMA KAYNAK
Orijinal Kataloglama Ajansı Milas
Kataloglama Dili tur
Metne Dönüştürmek Ajansı TR-AnCHP
041 ## - DİL KODU
Metin / Ses Parça Veya Ayrı Başlığın Dil Kodu tur
082 ## - DEWEY ONLU SINIFLANDIRMA NUMARASI
Sınıflandırma Numarası 818.42
Ürün Numarası M97h 2016
090 ## - SINIFLAMA NUMARASI
Sınıflama Numarası 818.42 M97h 2016
100 ## - ANA GİRİŞ - KİŞİSEL İSİM
Kişisel Ad Mütercimler, Erol
245 ## - BAŞLIK TABLOSU
Başlık Erol Mütercimler
Başlığın Kalan Hayat bir tesadüf
Sorumluluk Tablosu, Vb Erol Mütercimler; söyleşi Gürkan Hacır
250 ## - EDITION TABLOSU
Baskı Beyanı 4. bs.
260 ## - YAYIN, DAĞITIM, VB
Yayın, Dağıtım, Vb Yeri İstanbul
Yayıncı, Dağıtıcı, Vs Adı Asi Kitap
Yayın, Dağıtım, Vb Tarihi 2016
Üretici Firma Tor ofset
300 ## - FİZİKSEL TANIM
Kapsam 503 s.
Diğer Fiziksel Ayrıntıları fotğ.
Boyutlar 23 sm.
440 ## - SERİSİ TABLOSU / KATMA GİRİŞİ - BAŞLIK
Başlık Asi kitap
Hacim / Ardışık Tanımı 19
490 ## - SERİSİ TABLOSU
Seri Beyanı Söyleşi
Hacim / Ardışık Tanımı 01
600 ## - KONU KATMA GİRİŞ - KURUMSAL ADI
Kişisel Ad Mütercimler, Erol
Genel Alt Bölümü Söyleşiler
650 ## - KONU KATMA GİRİŞ - TOPİKAL DÖNEM
Topikal Süreli Veya Coğrafi Ad Giriş Elemanı Türk edebiyatı
Genel Alt Bölümü Söyleşi
700 ## - KATMA GİRİŞ - KİŞİSEL İSİM
Kişisel Ad Hacır, Gürkan
942 ## - EKLENDİ GİRİŞ ELEMANLARI (KOHA)
Sınıflandırma Veya Raf Düzeni Kaynak Dewey Decimal Classification
Koha Öğesi Türü Books
999 ## - SİSTEM KONTROL NUMARALARI (KOHA)
Koha Biblionumber 10490
Koha Biblioitemnumber 10490
Holdings
Kalıcı Konum Mevcut Konum Edinme Tarihi Edinim Kaynak Toplam Check-Out'Lar Tam Çağrı Numarası Barkod Tarih Son Görülme İtibaren Geçerli Fiyatlar Koha Öğesi Türü
CHP Kütüphanesi CHP Kütüphanesi 09/06/2017 Bağış   818.42 M97h 2016 017291 09/06/2017 09/06/2017 Books